| 000 | 01558nam a2200421Ia 4500 | ||
|---|---|---|---|
| 001 | ebr10156441 | ||
| 003 | CaPaEBR | ||
| 006 | m u | ||
| 007 | cr cn||||||||| | ||
| 008 | 060704s2006 enk sb 001 0 eng d | ||
| 015 |
_aGBA678918 _2bnb |
||
| 020 | _z9781403971913 (hbk.) : | ||
| 020 | _z1403971919 (hbk.) : | ||
| 020 | _z9781403971920 (pbk.) : | ||
| 020 | _z1403971927 (pbk.) : | ||
| 040 |
_aCaPaEBR _cCaPaEBR |
||
| 035 | _a(OCoLC)567955668 | ||
| 050 | 1 | 4 |
_aHV6433.I742 _bR39 2006eb |
| 082 | 0 | 4 |
_a363.325 _222 |
| 100 | 1 |
_aRawshandil, Jali l, _d1944 or 5- |
|
| 245 | 1 | 0 |
_aJihad and international security _h[electronic resource] / _cby Jali l Roshandel and Sharon Chadha. |
| 260 |
_aBasingstoke : _bPalgrave Macmillan, _c2006. |
||
| 300 | _a235 p. | ||
| 504 | _aIncludes bibliographical references and index. | ||
| 533 |
_aElectronic reproduction. _bPalo Alto, Calif. : _cebrary, _d2011. _nAvailable via World Wide Web. _nAccess may be limited to ebrary affiliated libraries. |
||
| 600 | 1 | 0 |
_aBin Laden, Osama, _d1957-2011. |
| 610 | 2 | 0 | _aQaida (Organization) |
| 650 | 0 | _aJihad. | |
| 650 | 0 | _aIslam and politics. | |
| 650 | 0 |
_aTerrorism _zIslamic countries. |
|
| 650 | 0 |
_aTerrorism _xReligious aspects _xIslam. |
|
| 650 | 0 |
_aTerrorism _xPrevention. |
|
| 650 | 0 | _aSecurity, International. | |
| 655 | 7 |
_aElectronic books. _2local |
|
| 700 | 1 | _aChadha, Sharon. | |
| 710 | 2 | _aebrary, Inc. | |
| 856 | 4 | 0 |
_uhttp://site.ebrary.com/lib/rucke/Doc?id=10156441 _zAn electronic book accessible through the World Wide Web; click to view |
| 999 |
_c93606 _d93606 |
||